The 2009 Kenya population and housing census / (Record no. 263995)
[ view plain ]
| 000 -LEADER | |
|---|---|
| fixed length control field | 00657nam a22001937a 4500 |
| 003 - CONTROL NUMBER IDENTIFIER | |
| control field | OSt |
| 005 - DATE AND TIME OF LATEST TRANSACTION | |
| control field | 20240624114213.0 |
| 008 - FIXED-LENGTH DATA ELEMENTS--GENERAL INFORMATION | |
| fixed length control field | 240624b xxu||||| |||| 00| 0 eng d |
| 010 ## - LIBRARY OF CONGRESS CONTROL NUMBER | |
| LC control number | 2010305730 |
| 020 ## - INTERNATIONAL STANDARD BOOK NUMBER | |
| International Standard Book Number | 9789966767202 (v. 1A) |
| 040 ## - CATALOGING SOURCE | |
| Transcribing agency | DLC |
| 050 ## - LIBRARY OF CONGRESS CALL NUMBER | |
| Classification number | HA4693 |
| Item number | .A4 2010 |
| 110 ## - MAIN ENTRY--CORPORATE NAME | |
| Corporate name or jurisdiction name as entry element | Kenya National bureau of Statistics |
| 245 ## - TITLE STATEMENT | |
| Title | The 2009 Kenya population and housing census / |
| Remainder of title | Republic of Kenya. |
| 260 ## - PUBLICATION, DISTRIBUTION, ETC. (IMPRINT) | |
| Place of publication, distribution, etc | Nairobi |
| Name of publisher, distributor, etc | Kenya National Bureau of Statistics, |
| Date of publication, distribution, etc | [2010]-[2012] |
| 500 ## - GENERAL NOTE | |
| General note | "Counting our people for the implementation of vision 2030." |
| 505 ## - FORMATTED CONTENTS NOTE | |
| Formatted contents note | Population distribution by administrative units |
| 942 ## - ADDED ENTRY ELEMENTS (KOHA) | |
| Source of classification or shelving scheme | Library of Congress Classification |
| Koha item type | Research and Special Collections |
| Withdrawn status | Lost status | Source of classification or shelving scheme | Damaged status | Not for loan | Collection code | Home library | Current library | Shelving location | Date acquired | Total Checkouts | Full call number | Barcode | Date last seen | Price effective from | Koha item type |
|---|---|---|---|---|---|---|---|---|---|---|---|---|---|---|---|
| Library of Congress Classification | Non-fiction | Rongo University Library | Rongo University Library | Reference | 24/06/2024 | HA4693 .A4 2010 | 202400975 | 24/06/2024 | 24/06/2024 | Research and Special Collections | |||||
| Library of Congress Classification | Non-fiction | Rongo University Library | Rongo University Library | Reference | 24/06/2024 | HA4693 .A4 2010 | 202400984 | 24/06/2024 | 24/06/2024 | Research and Special Collections | |||||
| Library of Congress Classification | Non-fiction | Rongo University Library | Rongo University Library | Reference | 24/06/2024 | HA4693 .A4 2010 | 202400985 | 24/06/2024 | 24/06/2024 | Research and Special Collections |
